000 00701nam a22002777a 4500
005 20251211121128.0
008 200219b1994 xxu||||| |||| 00| 0 spa d
020 _a8448118537
041 _aESP
082 _a333.7 A996v
100 _a Azqueta Oyarzun, Diego
245 _aValoración económica de la calidad ambiental
260 _aMéxico
260 _bMcGraw-Hill
260 _c1994
300 _a299 páginas
490 _aTurismo
650 _aMEDIO AMBIENTE
650 _aTURISMO
650 _aECONOMIA
650 _a MÉTODOS DE VALORACION
650 _aCALIDAD AMBIENTAL
650 _a CONTAMINACION ATMOSFÉRICA
650 _a IMPACTO AMBIENTAL
942 _cBK
_2ddc
999 _c12589
_d12589